<?xml version="1.0" encoding="UTF-8"?>
<record
    xmlns:xsi="http://www.w3.org/2001/XMLSchema-instance"
    xsi:schemaLocation="http://www.loc.gov/MARC21/slim http://www.loc.gov/standards/marcxml/schema/MARC21slim.xsd"
    xmlns="http://www.loc.gov/MARC21/slim">

  <leader>00601nam a22001817a 4500</leader>
  <controlfield tag="005">20260107115734.0</controlfield>
  <controlfield tag="008">260107b        |||||||| |||| 00| 0 eng d</controlfield>
  <datafield tag="020" ind1=" " ind2=" ">
    <subfield code="a">978-93-95664-32-5</subfield>
  </datafield>
  <datafield tag="041" ind1=" " ind2=" ">
    <subfield code="a">mar</subfield>
  </datafield>
  <datafield tag="082" ind1=" " ind2=" ">
    <subfield code="2">1St Edi</subfield>
  </datafield>
  <datafield tag="100" ind1=" " ind2=" ">
    <subfield code="a"> &#x915;&#x941;&#x902;&#x91F;&#x947; &#x936;&#x930;&#x926; &#x936;&#x94D;&#x930;&#x940;&#x915;&#x943;&#x937;&#x94D;&#x923;</subfield>
    <subfield code="9">216193</subfield>
  </datafield>
  <datafield tag="245" ind1=" " ind2=" ">
    <subfield code="a">&#x938;&#x93E;&#x92E;&#x93E;&#x928;&#x94D;&#x92F;&#x93E;&#x902;&#x91A;&#x94D;&#x92F;&#x93E; &#x905;&#x938;&#x93E;&#x927;&#x93E;&#x930;&#x923; &#x915;&#x930;&#x94D;&#x924;&#x941;&#x924;&#x94D;&#x935;&#x93E;&#x91A;&#x94D;&#x92F;&#x93E; &#x915;&#x925;&#x93E; &#x92D;&#x93E;&#x917; &#x968; </subfield>
  </datafield>
  <datafield tag="250" ind1=" " ind2=" ">
    <subfield code="a">1St Edi</subfield>
  </datafield>
  <datafield tag="260" ind1=" " ind2=" ">
    <subfield code="a">Pune</subfield>
    <subfield code="b">Bhartiya Vichar Sadhana Pune Prakashan</subfield>
    <subfield code="c">2023</subfield>
  </datafield>
  <datafield tag="300" ind1=" " ind2=" ">
    <subfield code="a">376 P.</subfield>
  </datafield>
  <datafield tag="500" ind1=" " ind2=" ">
    <subfield code="a">Marathi Book</subfield>
  </datafield>
  <datafield tag="942" ind1=" " ind2=" ">
    <subfield code="c">BK</subfield>
  </datafield>
  <datafield tag="999" ind1=" " ind2=" ">
    <subfield code="c">369708</subfield>
    <subfield code="d">369708</subfield>
  </datafield>
  <datafield tag="952" ind1=" " ind2=" ">
    <subfield code="0">0</subfield>
    <subfield code="1">0</subfield>
    <subfield code="2">ddc</subfield>
    <subfield code="4">0</subfield>
    <subfield code="7">0</subfield>
    <subfield code="8">BA</subfield>
    <subfield code="a">BCAS</subfield>
    <subfield code="b">BCAS</subfield>
    <subfield code="d">2026-01-03</subfield>
    <subfield code="i">444</subfield>
    <subfield code="l">0</subfield>
    <subfield code="p">BCAS-B-1042</subfield>
    <subfield code="r">2026-01-07 12:01:48</subfield>
    <subfield code="t">70</subfield>
    <subfield code="v">280.00</subfield>
    <subfield code="w">2026-01-03</subfield>
    <subfield code="y">BK</subfield>
    <subfield code="z">B01042</subfield>
  </datafield>
</record>
